000 00780nam a2200241Ia 4500
003 OSt
005 20220923225029.0
006 a|||||r|||| 00| 0
007 ta
008 220922b |||||||| |||| 00| 0 hin d
024 _a255,494
037 _cTextual
040 _aARTS
_cARTS
_bhin
041 _2hin
_ahin
082 _aP15,10A3:28x1,1, 152K7;1
100 _aसरूप, लक्ष्मण
245 0 _aनिघएटु तथा निरूक्त
246 _aNighaeṭu tathā nirūkta
260 _aदिल्ली
_b मोतीलाल बननारसीदास
300 _a428पृ.
_ccm.
942 _hP15,10A3:28x1,1, 152K7;1
_cTEXL
_2CC
999 _c375521
_d375521